000
00263nam a22001097a 4500
008
170126b xxu||||| |||| 00| 0 eng d
020
_a
0910701350
041
_a
eng
080
_a
61
245
_a
the politics of health elgislation
_c
FELDSTEIN, P.J
942
_2
udc
_c
BK
999
_c
3727
_d
3727